| 000 | 01368nam a2200337 i 4500 | ||
|---|---|---|---|
| 001 | 197636 | ||
| 003 | ES-MaACL | ||
| 005 | 20250805062654.0 | ||
| 007 | z | ||
| 008 | 981008s1993 sp 00010 spa c | ||
| 017 |
_aVA 657-1993 _bOficina Depósito Legal Valladolid |
||
| 020 | _a8488265034 | ||
| 035 | _aRebiun06998630 | ||
| 040 |
_aUCN _bspa _cES-MaACL |
||
| 080 | _a7(064) | ||
| 245 | 0 | 3 |
_aEl contrapunto y su morada : _b[exposición] Las Edades del Hombre / _crealizan Las Diócesis de Castilla y León ; patrocinan Caja Salamanca y Soria, Junta de Castilla y León. |
| 260 | 3 |
_aSalamanca : _b[s.n.], _c1993 ( _eValladolid : _fGráficas Andrés Martín) |
|
| 300 |
_a350 páginas ; _c30 cm |
||
| 336 |
_2rdacontent _atexto |
||
| 337 |
_2rdamedia _asin mediación |
||
| 338 |
_2rdacarrier _avolumen |
||
| 650 | 4 |
_aSimbolismo cristiano- _zEspaña- _vExposiciones _9241012 |
|
| 655 | 7 |
_2tgfbne _9193628 _aCatálogos de exposiciones |
|
| 740 | 4 | 1 | _aLas Edades del Hombre. |
| 852 |
_aES-MaACL _cDEPO1 _jA-15724 _hDonación: Fernando Codina Rodríguez _xEncuadernación rústica _9206082 |
||
| 903 |
_aCodina Rodríguez, Fernando _ednr _9238631 |
||
| 942 |
_n0 _cMONOGRAFIA |
||
| 999 |
_c197636 _d197636 |
||